[Event "Tch-CRO 1stB Liga 2017"]
[Site "Mali Losinj"]
[Date "2017.10.03"]
[Round "6.36"]
[White "Jusic, Zdenko"]
[Black "Ivankovic, Ivo"]
[Result "1-0"]
[WhiteElo "2247"]
[BlackElo "2129"]
[PlyCount "77"]
[EventDate "2017.09.28"]
[EventType "team"]
[EventRounds "9"]
[EventCountry "CRO"]

1. e4 e6 2. d4 d5 3. e5 c5 4. Nf3 Nc6 5. Bd3 Nxd4 6. Nxd4 cxd4 7. O-O Ne7 8. a3
Nc6 9. Qe2 Bd7 10. Nd2 Be7 11. b4 O-O 12. b5 Na5 13. Bb2 f5 14. exf6 Bxf6 15.
Nf3 Qb6 16. a4 Rac8 17. Ne5 Be8 18. Ba3 Bxe5 19. Bxf8 Bf6 20. Bb4 e5 21. Qg4
Rc7 22. Rfe1 e4 23. f3 Bd7 24. Qh5 Rc5 25. fxe4 g6 26. Bxc5 Qxc5 27. Qxd5+ Qxd5
28. exd5 b6 29. Re2 Nb7 30. Rf1 Bg5 31. Re5 Be3+ 32. Kh1 Nc5 33. d6 Kg7 34. a5
Kh6 35. Rf7 Nxd3 36. cxd3 Bf5 37. Rfxf5 gxf5 38. Rxf5 Kg6 39. g4 1-0

[Event "Tch-CRO 1stB Liga 2017"]
[Site "Mali Losinj"]
[Date "2017.10.03"]
[Round "6.41"]
[White "Pijpers, Arthur"]
[Black "Indjic, Aleksandar"]
[Result "1/2-1/2"]
[WhiteElo "2462"]
[BlackElo "2574"]
[PlyCount "113"]
[EventDate "2017.09.28"]
[EventType "team"]
[EventRounds "9"]
[EventCountry "CRO"]

1. e4 Nf6 2. e5 Nd5 3. d4 d6 4. Nf3 dxe5 5. Nxe5 c6 6. Be2 Bf5 7. O-O Nd7 8. c4
N5f6 9. f4 h5 10. Nc3 e6 11. Be3 Bd6 12. h3 a6 13. Bf3 h4 14. Qe2 Qc7 15. c5
Be7 16. b4 g6 17. a4 Nd5 18. Nxd5 exd5 19. Bg4 Nf6 20. Bxf5 gxf5 21. b5 Ne4 22.
bxc6 bxc6 23. Rfb1 f6 24. Nf3 Bd8 25. Rb3 Rb8 26. Rxb8 Qxb8 27. Qxa6 Kd7 28.
Qe2 Ba5 29. Qc2 Qb4 30. Rb1 Qc4 31. Rc1 Qa6 32. Bf2 Bc7 33. Nxh4 Bxf4 34. Re1
Rh5 35. Qd1 Rg5 36. Be3 Bxe3+ 37. Rxe3 Qc4 38. Nf3 Rg8 39. Qb1 Qxa4 40. Qb7+
Ke6 41. Rb3 Nd2 42. Re3+ Ne4 43. Rb3 f4 44. Kh2 Qa8 45. Nh4 Nd2 46. Qc7 Nxb3
47. Qd6+ Kf7 48. Qd7+ Kf8 49. Qd6+ Kg7 50. Qe7+ Kh8 51. Qxf6+ Rg7 52. Nf5 Qa7
53. Qh4+ Kg8 54. Nh6+ Kh7 55. Ng4+ Kg8 56. Nh6+ Kh7 57. Ng4+ 1/2-1/2

[Event "Tch-CRO 1stB Liga 2017"]
[Site "Mali Losinj"]
[Date "2017.10.03"]
[Round "6.42"]
[White "Popovic, Dusan"]
[Black "Sprenger, Jan Michael"]
[Result "1/2-1/2"]
[WhiteElo "2528"]
[BlackElo "2514"]
[PlyCount "160"]
[EventDate "2017.09.28"]
[EventType "team"]
[EventRounds "9"]
[EventCountry "CRO"]

1. e4 c5 2. Nf3 e6 3. d3 Nc6 4. g3 d5 5. Qe2 Nf6 6. Bg2 Be7 7. O-O O-O 8. e5
Ne8 9. c4 Nc7 10. Nc3 Nd4 11. Nxd4 cxd4 12. Nb1 b5 13. cxd5 Nxd5 14. Nd2 Bb7
15. Be4 Qb6 16. Nf3 h6 17. a4 bxa4 18. Rxa4 Nb4 19. Bd2 Rfd8 20. Rfa1 a6 21. h4
Bxe4 22. Qxe4 Rd5 23. g4 a5 24. g5 h5 25. g6 Rf8 26. Bxb4 Bxb4 27. Ng5 f6 28.
Nf7 Qc6 29. Qe2 Rxf7 30. gxf7+ Kxf7 31. Qxh5+ Kg8 32. Rxb4 axb4 33. Ra7 Qc1+
34. Kg2 Qh6 35. Qf7+ Kh8 36. Ra8+ Kh7 37. Qg8+ Kg6 38. exf6 Rg5+ 39. Kh3 Rh5
40. Qxg7+ Qxg7 41. fxg7 Kxg7 42. Rb8 Rc5 43. Rxb4 Rc2 44. Kg3 Rd2 45. Rxd4 Rxb2
46. Rg4+ Kf6 47. Kf3 Rb3 48. Ke3 Rb1 49. Rf4+ Kg6 50. d4 Re1+ 51. Kf3 Ra1 52.
Re4 Kf6 53. Kg2 Ra3 54. h5 Ra5 55. Rh4 Kg5 56. Rh1 Kh6 57. Kg3 Rd5 58. Rh4 e5
59. dxe5 Rxe5 60. Rh1 Rg5+ 61. Kf4 Rg8 62. f3 Rf8+ 63. Kg3 Rg8+ 64. Kf2 Rf8 65.
Rh4 Rf5 66. Ke3 Re5+ 67. Kd4 Ra5 68. f4 Ra4+ 69. Ke5 Ra5+ 70. Ke4 Ra4+ 71. Kf5
Ra5+ 72. Kg4 Ra8 73. Rh2 Rg8+ 74. Kf3 Rf8 75. Rh1 Ra8 76. Rh2 Rf8 77. Kg4 Rg8+
78. Kf5 Rf8+ 79. Ke4 Re8+ 80. Kf3 Rf8 1/2-1/2

[Event "Tch-CRO 1stB Liga 2017"]
[Site "Mali Losinj"]
[Date "2017.10.03"]
[Round "6.43"]
[White "Doric, Darko"]
[Black "Medak, Bojan"]
[Result "1-0"]
[WhiteElo "2467"]
[BlackElo "2398"]
[PlyCount "97"]
[EventDate "2017.09.28"]
[EventType "team"]
[EventRounds "9"]
[EventCountry "CRO"]

1. d4 d6 2. Nf3 g6 3. c4 Bg7 4. Nc3 Nc6 5. d5 Nb8 6. e4 Nf6 7. Be2 O-O 8. O-O
a5 9. Nd4 Na6 10. Be3 Nc5 11. f3 e5 12. dxe6 Nxe6 13. Nxe6 Bxe6 14. Qd2 Nd7 15.
Rad1 Re8 16. Rfe1 Qe7 17. Bf1 a4 18. Qc2 Nc5 19. Nd5 Qd8 20. Kh1 c6 21. Nf4 Qc7
22. Bd4 Be5 23. g3 Qe7 24. Be3 Bc8 25. Nd3 Nxd3 26. Bxd3 Bh3 27. f4 Bg7 28. Bf2
h5 29. Kg1 a3 30. b3 Bb2 31. Bf1 Bg4 32. Rb1 Qf6 33. h3 Be6 34. Rbd1 Rad8 35.
Qd3 d5 36. cxd5 cxd5 37. exd5 Bf5 38. Rxe8+ Rxe8 39. Qb5 Rc8 40. d6 Rd8 41.
Qxb7 h4 42. g4 Bc2 43. Rd2 Bb1 44. Qe7 Kg7 45. Qxf6+ Bxf6 46. d7 Bc3 47. Bb6
Bxd2 48. Bxd8 Be3+ 49. Kh1 1-0

[Event "Tch-CRO 1stB Liga 2017"]
[Site "Mali Losinj"]
[Date "2017.10.03"]
[Round "6.44"]
[White "Biti, Ozren"]
[Black "Rade, Miroslav"]
[Result "1/2-1/2"]
[WhiteElo "2345"]
[BlackElo "2432"]
[PlyCount "23"]
[EventDate "2017.09.28"]
[EventType "team"]
[EventRounds "9"]
[EventCountry "CRO"]

1. e4 e5 2. Nf3 Nc6 3. Bc4 Bc5 4. O-O d6 5. c3 Nf6 6. d3 a6 7. a4 O-O 8. Na3 h6
9. Nc2 Be6 10. Bxe6 fxe6 11. b4 Ba7 12. Be3 1/2-1/2

[Event "Tch-CRO 1stB Liga 2017"]
[Site "Mali Losinj"]
[Date "2017.10.03"]
[Round "6.45"]
[White "Ivic, Mateo"]
[Black "Sertic, Rudolf"]
[Result "1/2-1/2"]
[WhiteElo "2232"]
[BlackElo "2382"]
[PlyCount "190"]
[EventDate "2017.09.28"]
[EventType "team"]
[EventRounds "9"]
[EventCountry "CRO"]

1. e4 Nf6 2. e5 Nd5 3. d4 d6 4. Nf3 dxe5 5. dxe5 Bg4 6. c4 Nb4 7. Qxd8+ Kxd8 8.
Na3 N8c6 9. Bd2 a6 10. Nd4 e6 11. Nxc6+ Nxc6 12. Bc3 Bb4 13. f4 Bf5 14. Bd3
Bxd3 15. O-O-O Bxa3 16. bxa3 Ke7 17. Rxd3 Rhd8 18. Rhd1 Rxd3 19. Rxd3 Rd8 20.
Kc2 Rxd3 21. Kxd3 b6 22. Ke4 Kd7 23. g4 h5 24. h3 hxg4 25. hxg4 g6 26. a4 Nd8
27. a5 Kc6 28. axb6 cxb6 29. Bb4 Nb7 30. Kd4 b5 31. cxb5+ axb5 32. a3 Kb6 33.
Be7 Kc7 34. Bb4 Kc6 35. Be7 Na5 36. Bb4 Nc4 37. a4 Nb6 38. axb5+ Kxb5 39. Bd2
Nd7 40. Bc1 Nb8 41. Be3 Nc6+ 42. Ke4 Kc4 43. f5 gxf5+ 44. gxf5 Ne7 45. fxe6
fxe6 46. Bc1 Nc6 47. Bg5 Na5 48. Bf4 Nb3 49. Be3 Kc3 50. Ba7 Kb4 51. Bb8 Kc4
52. Bd6 Nd2+ 53. Ke3 Nb1 54. Bb8 Kd5 55. Kd3 Na3 56. Bd6 Nc4 57. Bb8 Nb6 58.
Bc7 Na4 59. Bd6 Nb2+ 60. Kc3 Nc4 61. Kd3 Nb6 62. Bb8 Na4 63. Bd6 Nb2+ 64. Kc3
Nd1+ 65. Kd3 Nf2+ 66. Ke3 Nh3 67. Bb8 Ng5 68. Bd6 Ne4 69. Kd3 Ng3 70. Bb8 Nf5
71. Bc7 Nd4 72. Bd6 Nb3 73. Bc7 Nc5+ 74. Ke3 Nd7 75. Kd3 Nc5+ 76. Ke3 Kc4 77.
Bd6 Nb3 78. Bb8 Kd5 79. Bd6 Nd4 80. Kd3 Nb3 81. Bc7 Nd4 82. Bd6 Nf5 83. Bb8 Kc6
84. Ke4 Kd7 85. Bd6 Ke8 86. Bb8 Kf7 87. Bc7 Ne7 88. Bd6 Nd5 89. Bb8 Kg6 90. Bd6
Kg5 91. Bb8 Kg4 92. Bd6 Nf4 93. Bb8 Nh3 94. Bd6 Ng5+ 95. Ke3 Kf5 1/2-1/2

[Event "Tch-CRO 1stB Liga 2017"]
[Site "Mali Losinj"]
[Date "2017.10.03"]
[Round "6.46"]
[White "Filipovic, Marko"]
[Black "Curic, Drazen"]
[Result "0-1"]
[WhiteElo "2332"]
[BlackElo "2223"]
[PlyCount "104"]
[EventDate "2017.09.28"]
[EventType "team"]
[EventRounds "9"]
[EventCountry "CRO"]

1. d4 Nf6 2. c4 c5 3. d5 e6 4. Nc3 exd5 5. cxd5 Bd6 6. Nf3 O-O 7. e3 Bc7 8. Bd3
d6 9. h3 Ba5 10. O-O b6 11. e4 Re8 12. Re1 Ba6 13. Bf4 b5 14. a3 Qb6 15. e5
dxe5 16. Nxe5 Nbd7 17. d6 Bxc3 18. bxc3 Nxe5 19. Bxe5 Bb7 20. Bxf6 Rxe1+ 21.
Qxe1 gxf6 22. Qe7 Qc6 23. f3 c4 24. Be4 Qc5+ 25. Kh1 Bxe4 26. Qxe4 Rd8 27. d7
Qe5 28. Rd1 Qxe4 29. fxe4 Kf8 30. Rd5 a6 31. Rd6 Ke7 32. Rxa6 Rxd7 33. Ra5 Rd3
34. Rxb5 Rxc3 35. Rc5 Kd6 36. Rc8 Rc1+ 37. Kh2 Ke5 38. a4 Kd4 39. Kg3 Ra1 40.
Kf4 Rf1+ 41. Kg4 c3 42. a5 Ra1 43. Rd8+ Kxe4 44. Re8+ Kd3 45. Rd8+ Ke2 46. Rc8
Kd2 47. Rd8+ Kc1 48. Rc8 c2 49. Kf5 Kd2 50. Kxf6 c1=Q 51. Rxc1 Rxc1 52. Kxf7
Ke3 0-1

[Event "Tch-CRO 1stB Liga 2017"]
[Site "Mali Losinj"]
[Date "2017.10.03"]
[Round "6.53"]
[White "Zufic, Miroslav"]
[Black "Stipic, Marko"]
[Result "1-0"]
[WhiteElo "2395"]
[BlackElo "2167"]
[PlyCount "65"]
[EventDate "2017.09.28"]
[EventType "team"]
[EventRounds "9"]
[EventCountry "CRO"]

1. e4 d6 2. d4 Nf6 3. Nc3 c6 4. f4 g6 5. Nf3 Bg7 6. Bd3 O-O 7. O-O Bg4 8. e5
Nd5 9. Nxd5 cxd5 10. c3 Qb6 11. Kh1 Nc6 12. Qe1 e6 13. Qh4 Bxf3 14. Rxf3 Qd8
15. Qh3 f5 16. exf6 Qxf6 17. Bd2 Rae8 18. Re1 a6 19. Qg4 Nd8 20. Rff1 Nf7 21.
g3 Nh8 22. Kg2 h5 23. Qe2 Nf7 24. h3 Nd8 25. g4 hxg4 26. hxg4 Kf7 27. g5 Qe7
28. Bc2 Rg8 29. Rh1 Bh8 30. Rh7+ Rg7 31. Bxg6+ Kxg6 32. Qh5+ Kf5 33. g6+ 1-0

[Event "Tch-CRO 1stB Liga 2017"]
[Site "Mali Losinj"]
[Date "2017.10.03"]
[Round "6.54"]
[White "Brzic, Roko"]
[Black "Franic, Milan"]
[Result "0-1"]
[WhiteElo "1942"]
[BlackElo "2356"]
[PlyCount "136"]
[EventDate "2017.09.28"]
[EventType "team"]
[EventRounds "9"]
[EventCountry "CRO"]

1. b3 b5 2. e3 Bb7 3. Nf3 a6 4. Bb2 e6 5. Be2 f5 6. c4 b4 7. d4 Nf6 8. Nbd2 g6
9. O-O Bg7 10. Ne5 O-O 11. Rc1 d6 12. Nd3 a5 13. c5 d5 14. Nf3 Ba6 15. Nf4 Qc8
16. Ng5 Re8 17. Re1 c6 18. Bxa6 Nxa6 19. Qe2 Nc7 20. Nd3 Nd7 21. h4 Qd8 22. g3
Nb5 23. Nf3 Ra7 24. Kg2 Rb7 25. Qd2 h6 26. Ra1 Qc7 27. Red1 Ra8 28. Nf4 Kf7 29.
Qc2 Nf8 30. Nd3 Nd7 31. Rh1 Bf6 32. Rag1 Qb8 33. h5 g5 34. g4 Qc8 35. Kf1 Nc7
36. gxf5 exf5 37. Nc1 Nf8 38. Nd3 Qe6 39. Nde5+ Ke7 40. Rh2 Ne8 41. Ne1 Kd8 42.
f4 g4 43. N1d3 Bg7 44. Ne1 Nf6 45. N1d3 Ne4 46. Bc1 Nd7 47. Bd2 Ndf6 48. Be1
Kc7 49. Nb2 Qe8 50. Rgh1 Nd7 51. Na4 Raa7 52. Nb2 Nf8 53. Na4 Ne6 54. Nb6 Kb8
55. a3 Bxe5 56. fxe5 f4 57. exf4 Rf7 58. Qd1 Rxf4+ 59. Kg1 Qf7 60. Bd2 Nxd4 61.
e6 Nxe6 62. Bxf4+ Qxf4 63. Qd3 Qc1+ 64. Qf1 Qe3+ 65. Rf2 g3 66. Rh3 gxf2+ 67.
Kh2 Qf4+ 68. Kh1 Rg7 0-1

[Event "Tch-CRO 1stB Liga 2017"]
[Site "Mali Losinj"]
[Date "2017.10.03"]
[Round "6.55"]
[White "Ciganovic, Nikola"]
[Black "Dunatov, Kresimir"]
[Result "1-0"]
[WhiteElo "2238"]
[BlackElo "1906"]
[PlyCount "119"]
[EventDate "2017.09.28"]
[EventType "team"]
[EventRounds "9"]
[EventCountry "CRO"]

1. e4 e5 2. Nf3 f5 3. Nxe5 Nf6 4. exf5 Qe7 5. Qe2 d6 6. Nf3 Qxe2+ 7. Bxe2 Nc6
8. Bb5 Bxf5 9. d3 O-O-O 10. Nc3 Nb4 11. Ba4 h6 12. Nd4 Bg4 13. a3 Nbd5 14. Nxd5
Nxd5 15. O-O c5 16. Bb3 Nc7 17. f3 Bd7 18. Ne2 g5 19. f4 gxf4 20. Bxf4 Bg4 21.
Ng3 Bg7 22. c3 Be6 23. Bxe6+ Nxe6 24. Nf5 Nxf4 25. Rxf4 Be5 26. Rh4 h5 27. Ne7+
Kc7 28. Rf1 Rd7 29. Ng6 Rh6 30. Nxe5 dxe5 31. Rf5 Rxd3 32. Rxe5 Rd1+ 33. Kf2
Rd2+ 34. Kf3 Rf6+ 35. Rf4 Rxf4+ 36. Kxf4 Rxg2 37. Rxc5+ Kb6 38. Rxh5 Rxb2 39.
h4 Rb3 40. Re5 Rxc3 41. Re3 Rc5 42. Kg4 Rc4+ 43. Kg5 Rc5+ 44. Kf6 Kc6 45. Rh3
Rd5 46. h5 Rd6+ 47. Kg5 Rd5+ 48. Kf4 Rd4+ 49. Ke5 Rd5+ 50. Ke4 b5 51. h6 Rd8
52. h7 Rh8 53. Ke5 Kc5 54. Kf6 Kc4 55. Kg7 Rxh7+ 56. Rxh7 a5 57. Rh5 a4 58. Rh3
b4 59. Rh4+ Kb3 60. axb4 1-0

[Event "Tch-CRO 1stB Liga 2017"]
[Site "Mali Losinj"]
[Date "2017.10.03"]
[Round "6.56"]
[White "Malesevic, Elvino"]
[Black "Novak, Danijel"]
[Result "0-1"]
[WhiteElo "1782"]
[BlackElo "2317"]
[PlyCount "96"]
[EventDate "2017.09.28"]
[EventType "team"]
[EventRounds "9"]
[EventCountry "CRO"]

1. e4 c5 2. Nf3 Nc6 3. Bc4 d6 4. d4 cxd4 5. Nxd4 Nf6 6. Nc3 Qb6 7. Nb3 e6 8.
Be3 Qc7 9. O-O a6 10. a4 Be7 11. Be2 O-O 12. a5 Nd7 13. Qd2 Nce5 14. Rfd1 b5
15. axb6 Nxb6 16. Nb5 Qb8 17. Nxd6 Rd8 18. Qa5 Rxd6 19. Rxd6 Bxd6 20. Qxb6 Bb7
21. f3 Nd7 22. Qa5 Bxh2+ 23. Kf1 Bc7 24. Qd2 Nf6 25. Qb4 Bd6 26. Bc5 Bc7 27.
Bd4 Bd6 28. Qa5 Nd7 29. Qa4 Qc7 30. Na5 e5 31. Nxb7 Qxb7 32. Bxa6 Qc7 33. Be3
Nc5 34. Bxc5 Bxc5 35. Qc4 Qe7 36. Ra5 Bb6 37. Qc6 Rb8 38. Rb5 Qd8 39. Rd5 Qh4
40. Ke2 Qf2+ 41. Kd1 Qg1+ 42. Kd2 Qxg2+ 43. Be2 Qg5+ 44. Kd1 Qg1+ 45. Kd2 Be3+
46. Kd3 Bd4 47. Kc4 Qe1 48. Bd3 Qb4# 0-1

[Event "Tch-CRO 1stB Liga 2017"]
[Site "Mali Losinj"]
[Date "2017.10.04"]
[Round "7.13"]
[White "Stipic, Marko"]
[Black "Saric, Ibro"]
[Result "0-1"]
[WhiteElo "2167"]
[BlackElo "2553"]
[PlyCount "82"]
[EventDate "2017.09.28"]
[EventType "team"]
[EventRounds "9"]
[EventCountry "CRO"]

1. c4 e5 2. Nc3 Nc6 3. Nf3 Nf6 4. d3 Bc5 5. e3 O-O 6. Be2 d6 7. O-O a6 8. a3
Ba7 9. b4 Re8 10. Qb3 Ne7 11. Nd5 Nfxd5 12. cxd5 Ng6 13. Bb2 f5 14. Rac1 f4 15.
e4 Bg4 16. Rc2 Bxf3 17. Bxf3 Nh4 18. d4 exd4 19. Rd1 Ng6 20. Bxd4 Bxd4 21. Rxd4
Ne5 22. Rd1 Re7 23. Be2 Rf7 24. f3 g5 25. Rdc1 h5 26. Rc3 g4 27. Qc2 Rc8 28.
Kh1 Qg5 29. Qd1 Rg7 30. R1c2 Kh8 31. Qc1 Rcg8 32. fxg4 hxg4 33. g3 Rf8 34. gxf4
Rxf4 35. Rxc7 g3 36. Rxg7 g2+ 37. Kg1 Rf1+ 38. Bxf1 Nf3+ 39. Kf2 g1=Q+ 40. Kxf3
Qf6+ 41. Ke2 Qff2+ 0-1

[Event "Tch-CRO 1stB Liga 2017"]
[Site "Mali Losinj"]
[Date "2017.10.04"]
[Round "7.14"]
[White "Plenca, Julijan"]
[Black "Brzic, Roko"]
[Result "1-0"]
[WhiteElo "2416"]
[BlackElo "1942"]
[PlyCount "89"]
[EventDate "2017.09.28"]
[EventType "team"]
[EventRounds "9"]
[EventCountry "CRO"]

1. e4 b6 2. d4 Bb7 3. Nc3 e6 4. Bd3 Bb4 5. Nge2 Nf6 6. O-O d5 7. exd5 Nxd5 8.
Nxd5 Bxd5 9. c4 Bc6 10. d5 exd5 11. Nd4 O-O 12. Qg4 Bd7 13. Bf5 Nc6 14. Bxd7
Nxd4 15. Bg5 Be7 16. Bh6 Bf6 17. Rad1 c5 18. cxd5 a6 19. b4 Ra7 20. Bc6 Qd6 21.
bxc5 bxc5 22. Be3 Nxc6 23. dxc6 Qxc6 24. Qc4 Rc8 25. Rd5 Qb5 26. Qg4 Rac7 27.
Rfd1 Qb7 28. Bf4 Rc6 29. h4 Bd4 30. Be5 Rg6 31. Qf3 Qe7 32. Bxd4 cxd4 33. R5xd4
h6 34. Rd7 Qf6 35. Qe4 Qe6 36. Rd8+ Rxd8 37. Rxd8+ Kh7 38. Qb1 Qg4 39. g3 f5
40. Qb3 Rf6 41. Qg8+ Kg6 42. Rd7 Kh5 43. Rxg7 Qd1+ 44. Kg2 Qe2 45. Rg5+ 1-0

[Event "Tch-CRO 1stB Liga 2017"]
[Site "Mali Losinj"]
[Date "2017.10.04"]
[Round "7.15"]
[White "Dunatov, Kresimir"]
[Black "Matko, Ognjen"]
[Result "0-1"]
[WhiteElo "1906"]
[BlackElo "2330"]
[PlyCount "122"]
[EventDate "2017.09.28"]
[EventType "team"]
[EventRounds "9"]
[EventCountry "CRO"]

1. e4 c5 2. Nc3 e6 3. f4 d5 4. Bb5+ Nc6 5. Bxc6+ bxc6 6. e5 Nh6 7. Nf3 Ba6 8.
d3 Nf5 9. O-O h5 10. a4 c4 11. d4 c5 12. Kh1 h4 13. Ne2 Rb8 14. c3 g6 15. a5
Be7 16. dxc5 Bxc5 17. Ned4 Bc8 18. Nxf5 gxf5 19. Nd4 Bd7 20. Rf2 a6 21. Be3 Qc7
22. Rd2 Be7 23. Qg1 Rb7 24. g4 hxg3 25. Qxg3 Qb8 26. Qg7 Rf8 27. Rb1 Qc7 28.
Ra1 Bc6 29. Bf2 Kd7 30. h4 Rbb8 31. h5 Rh8 32. Qxf7 Rh6 33. Bh4 Qd8 34. Bxe7
Qg8 35. Qxg8 Rxg8 36. Bg5 Rxh5+ 37. Rh2 Rxh2+ 38. Kxh2 Rb8 39. Rb1 Ba4 40. Kg3
Bb3 41. Nxb3 Rxb3 42. Kh4 Rb5 43. Kh5 Rxa5 44. b3 Rb5 45. b4 a5 46. Bh4 axb4
47. Bf2 b3 48. Rb2 Ra5 49. Rb1 Ra2 50. Be3 Re2 51. Bd4 Rg2 52. Kh4 Kc6 53. Kh3
Rd2 54. Kg3 b2 55. Be3 Rc2 56. Bd4 Kb5 57. Kh4 Rg2 58. Kh3 Rd2 59. Kh4 Ka4 60.
Bc5 Kb3 61. Be3 Rg2 0-1

[Event "Tch-CRO 1stB Liga 2017"]
[Site "Mali Losinj"]
[Date "2017.10.04"]
[Round "7.16"]
[White "Bobanac, Miro"]
[Black "Malesevic, Elvino"]
[Result "1-0"]
[WhiteElo "2292"]
[BlackElo "1782"]
[PlyCount "63"]
[EventDate "2017.09.28"]
[EventType "team"]
[EventRounds "9"]
[EventCountry "CRO"]

1. Nf3 d5 2. d4 e6 3. g3 Nf6 4. Bg2 Bd6 5. O-O O-O 6. c4 c6 7. b3 Nbd7 8. Bb2
Re8 9. Nc3 Qe7 10. Re1 Ne4 11. Nxe4 dxe4 12. Nd2 f5 13. e3 Ba3 14. Bxa3 Qxa3
15. c5 Qa5 16. Nc4 Qc7 17. b4 Nf6 18. a4 Bd7 19. Qb3 a6 20. Nd6 Rf8 21. Nxf5
Rae8 22. Nd6 Re7 23. Nxe4 Ne8 24. f4 h6 25. Nf2 g5 26. Nd3 Rg7 27. Rf1 Qd8 28.
Ne5 gxf4 29. Rxf4 Rxf4 30. exf4 Bc8 31. Rd1 Qf6 32. b5 1-0

[Event "Tch-CRO 1stB Liga 2017"]
[Site "Mali Losinj"]
[Date "2017.10.04"]
[Round "7.21"]
[White "Indjic, Aleksandar"]
[Black "Fercec, Nenad"]
[Result "1/2-1/2"]
[WhiteElo "2574"]
[BlackElo "2460"]
[PlyCount "80"]
[EventDate "2017.09.28"]
[EventType "team"]
[EventRounds "9"]
[EventCountry "CRO"]

1. d4 Nf6 2. Nf3 e6 3. c4 Bb4+ 4. Nbd2 d5 5. Qa4+ Nc6 6. a3 Be7 7. e3 O-O 8.
Qc2 a5 9. b3 Re8 10. Bb2 Bf8 11. Bd3 g6 12. h4 Bg7 13. h5 Nxh5 14. g4 Nf6 15.
g5 Ng4 16. Ne5 Ngxe5 17. dxe5 Nxe5 18. O-O-O Nxd3+ 19. Qxd3 Bxb2+ 20. Kxb2 Qxg5
21. Qc3 e5 22. cxd5 Bf5 23. e4 Bd7 24. f4 exf4 25. Rxh7 Qe5 26. Rdh1 Qxc3+ 27.
Kxc3 Bg4 28. R7h4 Bh5 29. Rg1 Be2 30. Rxf4 a4 31. b4 Kg7 32. Rg2 Bh5 33. Kd4 f6
34. Nc4 Rf8 35. Rh4 Bf3 36. Rg3 Be2 37. Ne3 Rh8 38. Nf5+ Kf7 39. Nh6+ Kg7 40.
Nf5+ Kf7 1/2-1/2

[Event "Tch-CRO 1stB Liga 2017"]
[Site "Mali Losinj"]
[Date "2017.10.04"]
[Round "7.22"]
[White "Tratar, Marko"]
[Black "Popovic, Dusan"]
[Result "1/2-1/2"]
[WhiteElo "2465"]
[BlackElo "2528"]
[PlyCount "66"]
[EventDate "2017.09.28"]
[EventType "team"]
[EventRounds "9"]
[EventCountry "CRO"]

1. Nf3 Nf6 2. c4 g6 3. Nc3 Bg7 4. e4 O-O 5. d4 c6 6. Be2 d5 7. e5 Ne4 8. O-O
Nxc3 9. bxc3 dxc4 10. Bxc4 c5 11. Bf4 cxd4 12. cxd4 Bg4 13. d5 Nd7 14. Re1 Rc8
15. Bb3 Nc5 16. h3 Bf5 17. Bc4 a6 18. Nd4 Be4 19. Nb3 b5 20. Nxc5 Rxc5 21. Bb3
Bxd5 22. Be3 Rc4 23. Bxc4 bxc4 24. Bd4 Qa8 25. Qg4 h5 26. Qg3 Be4 27. Bc3 Bd3
28. Rad1 Qd5 29. Qh4 e6 30. g4 hxg4 31. hxg4 Qf3 32. Qg3 Qxg3+ 33. fxg3 Bh6
1/2-1/2

[Event "Tch-CRO 1stB Liga 2017"]
[Site "Mali Losinj"]
[Date "2017.10.04"]
[Round "7.23"]
[White "Medak, Bojan"]
[Black "Zufic, Miroslav"]
[Result "1/2-1/2"]
[WhiteElo "2398"]
[BlackElo "2395"]
[PlyCount "21"]
[EventDate "2017.09.28"]
[EventType "team"]
[EventRounds "9"]
[EventCountry "CRO"]

1. Nf3 d5 2. c4 c6 3. e3 Nf6 4. Nc3 e6 5. b3 Bd6 6. Bb2 Nbd7 7. d4 Qe7 8. Qc2
b6 9. Bd3 Bb7 10. O-O O-O 11. e4 1/2-1/2

[Event "Tch-CRO 1stB Liga 2017"]
[Site "Mali Losinj"]
[Date "2017.10.04"]
[Round "7.24"]
[White "Glavas, Dragan"]
[Black "Biti, Ozren"]
[Result "0-1"]
[WhiteElo "2285"]
[BlackElo "2345"]
[PlyCount "76"]
[EventDate "2017.09.28"]
[EventType "team"]
[EventRounds "9"]
[EventCountry "CRO"]

1. d4 d6 2. c4 e5 3. d5 Nd7 4. Nc3 g6 5. e4 Bg7 6. g3 Ngf6 7. Nf3 O-O 8. Bg2
Nc5 9. Qc2 c6 10. b4 Na6 11. a3 cxd5 12. cxd5 Bd7 13. O-O h6 14. Bd2 Qe7 15.
Rac1 Rfc8 16. Qd3 Qe8 17. Rfe1 Nh5 18. h3 Nc7 19. Bf1 f5 20. Qb1 f4 21. gxf4
Qf8 22. fxe5 Qxf3 23. exd6 Rf8 24. Nd1 Bd4 25. Re3 Bxe3 26. Bxe3 Ne8 27. Bg2
Qf6 28. Qb2 Qxb2 29. Nxb2 Nf4 30. Bxf4 Rxf4 31. Nd3 Rf7 32. e5 Bf5 33. e6 Bxd3
34. exf7+ Kxf7 35. Rc7+ Nxc7 36. dxc7 Bf5 37. d6 Bc8 38. Bd5+ Ke8 0-1

[Event "Tch-CRO 1stB Liga 2017"]
[Site "Mali Losinj"]
[Date "2017.10.04"]
[Round "7.25"]
[White "Sertic, Rudolf"]
[Black "Franic, Milan"]
[Result "0-1"]
[WhiteElo "2382"]
[BlackElo "2356"]
[PlyCount "120"]
[EventDate "2017.09.28"]
[EventType "team"]
[EventRounds "9"]
[EventCountry "CRO"]

1. d4 e6 2. Nf3 Nf6 3. c4 Bb4+ 4. Nbd2 d5 5. Qa4+ Nc6 6. a3 Be7 7. e3 O-O 8.
Bd3 a5 9. O-O Bd7 10. Qc2 a4 11. e4 g6 12. e5 Nh5 13. b4 Nf4 14. c5 Na7 15. Re1
Nxd3 16. Qxd3 Bb5 17. Qe3 Nc6 18. Bb2 Qd7 19. Ng5 Nd8 20. f4 f6 21. exf6 Bxf6
22. Ndf3 h6 23. Nh3 Qf7 24. Rad1 Bg7 25. Bc1 Qf5 26. Nf2 Re8 27. Nh4 Qh5 28.
Qg3 Kh7 29. Ng4 Nc6 30. Be3 Rf8 31. Qh3 Rae8 32. Rd2 Kg8 33. Qg3 Rf7 34. h3 Kh7
35. Bf2 g5 36. fxg5 Qxg5 37. Be3 Qh5 38. Nf3 Ref8 39. Bf2 Qg6 40. Be3 Re7 41.
Bf4 Ref7 42. Bxc7 Rxf3 43. gxf3 Bxd4+ 44. Kh2 Bc3 45. Red1 h5 46. Ne3 Qxg3+ 47.
Kxg3 Bxd2 48. Rxd2 d4 49. Nc2 e5 50. Ne1 Kg6 51. Rg2 Rf7 52. Bd6 Kf5 53. Kf2
Ke6 54. Rg5 e4 55. f4 Rf5 56. Rg7 Ba6 57. b5 Bxb5 58. Rxb7 Bc4 59. Nc2 e3+ 60.
Ke1 Kd5 0-1

[Event "Tch-CRO 1stB Liga 2017"]
[Site "Mali Losinj"]
[Date "2017.10.04"]
[Round "7.26"]
[White "Ciganovic, Nikola"]
[Black "Filipovic, Marko"]
[Result "1/2-1/2"]
[WhiteElo "2238"]
[BlackElo "2332"]
[PlyCount "101"]
[EventDate "2017.09.28"]
[EventType "team"]
[EventRounds "9"]
[EventCountry "CRO"]

1. e4 c5 2. Nf3 d6 3. d4 cxd4 4. Nxd4 Nf6 5. Nc3 Nc6 6. Be2 e6 7. Be3 Be7 8. f4
a6 9. g4 Nd7 10. g5 Nxd4 11. Qxd4 O-O 12. h4 b5 13. h5 e5 14. Qd2 exf4 15. Bxf4
Ne5 16. O-O-O Be6 17. Kb1 b4 18. Nd5 Bxd5 19. exd5 a5 20. Rhg1 Qd7 21. Bxe5
dxe5 22. d6 Bd8 23. g6 Kh8 24. Bc4 Bb6 25. Rg2 Bd4 26. gxf7 Qxd6 27. Qg5 e4 28.
h6 g6 29. Bd5 Bf6 30. Qe3 Qe5 31. c3 Rad8 32. c4 Rxf7 33. Rf1 Rff8 34. Qxe4
Qxe4+ 35. Bxe4 Be5 36. Rgf2 Rxf2 37. Rxf2 Bd6 38. Re2 Be7 39. Bd5 Bg5 40. Rh2
Bf4 41. Rh1 Bd6 42. Kc2 Bf8 43. Kb3 Re8 44. Ka4 Re2 45. c5 Re5 46. Rd1 Bxc5 47.
Bf7 Be7 48. Rc1 Bc5 49. Rd1 Be7 50. Rc1 Bc5 51. Rd1 1/2-1/2

[Event "Tch-CRO 1stB Liga 2017"]
[Site "Mali Losinj"]
[Date "2017.10.04"]
[Round "7.42"]
[White "Bogut, Zeljko"]
[Black "Plat, Vojtech"]
[Result "0-1"]
[WhiteElo "2411"]
[BlackElo "2539"]
[PlyCount "75"]
[EventDate "2017.09.28"]
[EventType "team"]
[EventRounds "9"]
[EventCountry "CRO"]

1. c4 d6 2. d4 e5 3. Nf3 exd4 4. Nxd4 Nf6 5. Nc3 Be7 6. g3 c6 7. Bg2 a5 8. O-O
O-O 9. a3 Ng4 10. h3 Ne5 11. b3 Na6 12. f4 Nd7 13. b4 Nb6 14. b5 cxb5 15. cxb5
Nc5 16. e4 Bf6 17. Be3 Re8 18. Bf2 Bd7 19. Kh2 Rc8 20. Rc1 Nc4 21. Qe2 Bxd4 22.
Bxd4 Nb3 23. Rcd1 Nxa3 24. Qb2 Nxd4 25. Qxa3 Nc2 26. Qxd6 Ne3 27. Rd3 Nxf1+ 28.
Bxf1 Be6 29. Qa3 Qb6 30. Bg2 Qc5 31. Qa1 Bc4 32. Rf3 b6 33. e5 Bd5 34. Nd1 Qc2
35. Kg1 Bxf3 36. Bxf3 Qd2 37. Bc6 Red8 38. Qa3 0-1